00507nam a22001577a 4500003000500000005001700005008004100022020001800063040000600081082001700087100003100104245007800135260003300213300001700246650008600263CEME20210628210151.0210215b xxu||||| |||| 00| 0 eng d a0-87201-514-9 c. a620.106 ENC aCheremisinoff, Nicholas. P aEncyclopedia of fluid mechanics dynamics of single fluid flows and mixing aLONDONbGULF PUBLISHINc1999 a1505P, VOL-2 aFLUID MECHANICS DICTIONARIES FLUID FLOWS AND MIXING SINGLE FLUID FLOWS AND MIXING